000 00986nam a2200193 a 4500
001 11397
003 CO-ViMGA
008 141112s2004 ck r 000 u spa d
040 _aCO-ViMGA
_bspa
_cCO-ViMGA
082 0 4 _a634 J872
100 1 _aJuscafresa, Baudilio
245 1 0 _aArboles frutales :
_bcultivo y explotación comercial
250 _a8
260 _aMexico :
_bEditia,
_c1983
300 _a381 p : il
505 _aDel cultivo de los árboles frutales en general 15 - - Naturaleza y adaptabilidad de las tierras al cultivo de los frutales 17 - - Propiedades físicas de las tierras de cultivo 21 - - Adaptabilidad de las especies frutales según la reacción del suelo 25 - - Reproducción de los frutales 53 - - Preparación de las tierras para la plantación 79 - - Cultivos especiales Albaricoquero, almendro, avellano, ciruelo, frambueso, higuera, limonero, manzano dulce, melocotonero, naranjo 161
650 1 4 _aARBOLES FRUTALES - CULTIVO
_947818
942 _2ddc
_cBK
999 _c22596
_d22596